000 00670nam a22002177a 4500
005 20170124110100.0
010 _a038893
020 _c00.00
035 _a038893
037 _bCen Lib/Ret
040 _aDPL
_bEN
082 _a968
_bCAL
245 _aThe south African way of life :
_cedited by G.H. Calpin
_bvalues and ideals of a multi-racial society /
260 _aMelbourne
_bWilliam Heinemann Ltd.
_c1953
270 _aMelbourne
_bMelbourne
300 _a200p. :
_c20cm(Hb)
_bill.
650 _aPolitical science
_9108942
650 _aSocial history
_zSouth Africa
_927068
700 _aCalpin, G. H.
_927066
942 _2ddc
_cEN
_h968
_mCAL
999 _c129665
_d129665